LEADER 01226nam 2200421 450 001 9910555283203321 005 20201107005837.0 010 $a1-119-74902-6 010 $a1-119-74904-2 010 $a1-119-74903-4 035 $a(CKB)4100000011347602 035 $a(MiAaPQ)EBC6263935 035 $a(EXLCZ)994100000011347602 100 $a20201107d2019 uy 0 101 0 $aeng 135 $aurcnu|||||||| 181 $ctxt$2rdacontent 182 $cc$2rdamedia 183 $acr$2rdacarrier 200 10$aAdvanced tax strategies for LLCs and partnerships /$fLarry Tunnell and Robert Ricketts 210 1$aDurham, North Carolina :$cWiley,$d[2019] 210 4$dİ2019 215 $a1 online resource (204 pages) 300 $aIncludes index. 311 $a1-119-74873-9 606 $aPartnership$xTaxation 608 $aElectronic books. 615 0$aPartnership$xTaxation. 676 $a341.753 700 $aTunnell$b Larry$01217149 702 $aRicketts$b Robert C$g(Robert Carlton), 801 0$bMiAaPQ 801 1$bMiAaPQ 801 2$bMiAaPQ 906 $aBOOK 912 $a9910555283203321 996 $aAdvanced tax strategies for LLC's and partnerships$92815029 997 $aUNINA LEADER 02456nam 2200565Ia 450 001 996197702803316 005 20230607221547.0 010 $a1-281-32089-7 010 $a9786611320898 010 $a0-470-75708-6 010 $a0-470-75684-5 035 $a(CKB)1000000000415380 035 $a(EBL)351370 035 $a(OCoLC)298437981 035 $a(SSID)ssj0000227304 035 $a(PQKBManifestationID)11947088 035 $a(PQKBTitleCode)TC0000227304 035 $a(PQKBWorkID)10264590 035 $a(PQKB)11317128 035 $a(MiAaPQ)EBC351370 035 $a(EXLCZ)991000000000415380 100 $a20000620d2001 uy 0 101 0 $aeng 135 $aur|n|---||||| 181 $2rdacontent 182 $2rdamedia 183 $2rdacarrier 200 10$aPrinciples of cell proliferation$b[electronic resource] /$fJohn K. Heath 210 $aOxford ;$aMalden, MA $cBlackwell Science$d2001 215 $a1 online resource (150 p.) 300 $aDescription based upon print version of record. 311 $a0-632-04886-7 320 $aIncludes bibliographical references (p. 131-133) and index. 327 $aPrinciples of Cell Proliferation; Contents; Preface; Abbreviations; 1 Biology of the Cell Cycle; 2 Growth Factors; 3 Receptors; 4 Intracellular Signals; 5 Gene Expression; 6 The Cell Cycle Engine; 7 Oncogenes; 8 Tumour Suppressor Genes; 9 Cell Survival; Further Reading; Index 330 $aControlled expansion of cell populations is a fundamental feature of living organisms, being a finely-tuned balance between cell proliferation and cell death. This book aims to explain the molecular mechanisms that lie behind the multiplication and survival of eukaryotic cells. This encompasses both the normal regulation of cell populations in development or physiological adaptation and pathological mechanisms of cell cycle control in cancer. Principles of Cell Proliferation progressively introduces the function of growth factors, receptors, signal transduction pathways, gene expr 606 $aCarcinogenesis 606 $aCell proliferation 615 0$aCarcinogenesis. 615 0$aCell proliferation. 676 $a571.6 676 $a571.8 676 $a571.84 700 $aHeath$b J. K$0881321 801 0$bMiAaPQ 801 1$bMiAaPQ 801 2$bMiAaPQ 906 $aBOOK 912 $a996197702803316 996 $aPrinciples of cell proliferation$91968250 997 $aUNISA LEADER 03226nam 2200553 a 450 001 9910786014003321 005 20230803025259.0 010 $a1-283-97526-2 010 $a0-85700-728-9 035 $a(CKB)2670000000327775 035 $a(EBL)1122568 035 $a(OCoLC)827207340 035 $a(SSID)ssj0000907299 035 $a(PQKBManifestationID)12466335 035 $a(PQKBTitleCode)TC0000907299 035 $a(PQKBWorkID)10855485 035 $a(PQKB)11403713 035 $a(MiAaPQ)EBC1122568 035 $a(EXLCZ)992670000000327775 100 $a20130129d2013 uy 0 101 0 $aeng 135 $aur|n|---||||| 181 $ctxt 182 $cc 183 $acr 200 10$aHealing eating disorders with psychodrama and other action methods$b[electronic resource] $ebeyond the silence and the fury /$fKaren Carnabucci and Linda Ciotola 210 $aLondon $cJessica Kingsley Publishers$d2013 215 $a1 online resource (274 p.) 300 $aDescription based upon print version of record. 311 $a1-84905-934-9 320 $aIncludes bibliographical references and indexes. 327 $aPreface; Acknowledgements; Chapter 1: The Body as a Battleground; Chapter 2: The New Neuroscience; Chapter 3: How Action Methods Help Move Beyond the Silence and the Fury; Chapter 4: Multi-dimensional Illnesses, Multiple Healing Choices; Chapter 5: Men and Eating Disorders; Chapter 6: Education in Action; Chapter 7: History of Diets, Timelines and the Pull of Popular Culture; Chapter 8: The Three Faces of Eating Disorders; Chapter 9: The Triple Powers of Doubling; Chapter 10: Building Body Empathy; Chapter 11: The Link to Trauma; Chapter 12: The Age Spectrogram: Children and Older Adults 327 $aChapter 13: Images of NourishmentChapter 14: Circles of Change and Transformation; Chapter 15: Nutrition Nuggets, Mindful Movement, Body Metaphors; Chapter 16: The Ancestor Connection; Chapter 17: Spirituality and Eating Disorders; Appendix 1: Expected Changes in the Fifth Edition of the Diagnostic and Statistical Manual of Mental Disorders (DSM-5); Appendix 2: Signs, Symptoms and Consequences of Eating Disorders; Appendix 3: What's in the Psychodrama Room?; Appendix 4: Music; Appendix 5: Resources; Appendix 6: Index of Action Structures and Experiential Activities; Glossary; Bibliography 327 $aIndexAuthor Index 330 $aPsychodrama and other action methods are especially helpful in the treatment of eating disorders as well as dieting struggles, body dissatisfaction and associated issues of fear, sadness, silence and shame. This book provides clinicians with sound theory, practical treatment guidelines and clinically-tested action structures and interventions. 606 $aEating disorders$xTreatment 615 0$aEating disorders$xTreatment. 676 $a616.85260651 676 $a618.92/853 676 $a618.92853 700 $aCarnabucci$b Karen$01483816 701 $aCiotola$b Linda$01483817 801 0$bMiAaPQ 801 1$bMiAaPQ 801 2$bMiAaPQ 906 $aBOOK 912 $a9910786014003321 996 $aHealing eating disorders with psychodrama and other action methods$93702114 997 $aUNINA LEADER 06416oam 22007214a 450 001 9910779013803321 005 20220219000135.0 010 $a1-57506-674-2 024 7 $a10.1515/9781575066745 035 $a(CKB)2550000000101536 035 $a(EBL)3155647 035 $a(SSID)ssj0000690417 035 $a(PQKBManifestationID)11403362 035 $a(PQKBTitleCode)TC0000690417 035 $a(PQKBWorkID)10623959 035 $a(PQKB)11505363 035 $a(Au-PeEL)EBL3155647 035 $a(CaPaEBR)ebr10563911 035 $a(OCoLC)922991826 035 $a(OCoLC)952747722 035 $a(MdBmJHUP)musev2_79437 035 $a(MiAaPQ)EBC3155647 035 $a(DE-B1597)584297 035 $a(OCoLC)1266229654 035 $a(DE-B1597)9781575066745 035 $a(EXLCZ)992550000000101536 100 $a20151005d2014 uy 0 101 0 $aeng 135 $aur|n|---||||| 181 $ctxt 182 $cc 183 $acr 200 14$aThe Iron Age I Structure on Mt. Ebal$eExcavation and Interpretation 210 1$aWinona Lake :$cEisenbrauns,$d2014. 210 4$dİ2014. 215 $a1 online resource (300 p.) 225 0 $aBulletin for Biblical Research Supplement ;$vv. 6 300 $aDescription based upon print version of record. 311 $a1-57506-243-7 320 $aIncludes bibliographical references and index. 327 $a""Stratum II""""Stratum IB""; ""The Faunal Assemblage from Mt. Ebal""; ""Conclusion""; ""Historical and Sociological Considerations of the Mt. Ebal Site""; ""The Amphictyony Hypothesis""; ""The Mt. Ebal Site and Biblical Tradition""; ""Scholarly Response""; ""An Overview of Regional Surveys in Israel""; ""The Survey of Manasseh Compared with Joshua, Judges, and the Question of Israelite Origins""; ""Conclusion""; ""Summary and Conclusion""; ""Bibliography""; ""Index of Authors""; ""Back Cover"" 327 $a""Physical Parallels to el-Burnat: Domestic and Military""""Village""; ""Farmstead""; ""House or Other Domestic Space""; ""The Central Structure at Mt. Ebal and the Four-Room House""; ""Watchtower""; ""The Biblical Term MigdA??l and Ancient Watchtowers""; ""Towers in the Late Bronze Age""; ""Towers in Iron Age I""; ""The Tower of Shechem""; ""Conclusion""; ""Physical Parallels to El-Burnat: Religious Structures""; ""Gilgalim""; ""Altars""; ""Early to Middle Bronze Age""; ""Late Bronze Age""; ""Iron Age""; ""Discussion""; ""Conclusion""; ""Literary Parallels""; ""Location of the Site"" 327 $a""Cover""; ""Preface and Acknowledgments""; ""Abbreviations""; ""Introduction""; ""Discovery and Excavation of the Ebal Structure""; ""Overview of the Discovery and Excavation of the Mt. Ebal Complex""; ""Overview of Zertala???s Conclusions Regarding the Ebal Site""; ""Methodology and Criteria for the Identification of the Site""; ""Analysis of the Ebal Installation""; ""Stratum II""; ""Stratum IB""; ""Stratum IA""; ""Pottery""; ""Stone and Metal Artifacts""; ""Faunal Remains""; ""The Faunal Assemblage""; ""Two Egyptianized Scarabs from Mt. Ebal""; ""Conclusion"" 330 $aIn Josh 8:30-35, Israel constructs an altar on Mt. Ebal in fulfillment of the command of Deut 27:1-8. This structure had very important social, political, and religious implications for Israel, for it was the first structure to be built after the people entered the land of Canaan. Once the altar was completed, sacrifices were to be offered on it, and a renewal of the covenant was to be carried out (patterned after the ritual of Deut 31:9-13). This covenant renewal was necessary to integrate the people into the covenant who had not been a part of the Sinai experience. The event was significant enough to establish nearby Shechem as the tribal league shrine, and it was the first political and religious ceremony that the Israelites undertook following their entry into the land. As a covenant ratification, it could be described as their ratification as a nation. The altar on Mt. Ebal and its concomitant ceremony were, therefore, according to the claims of the Hebrew Bible, of supreme importance in the life of ancient Israel.In 1980, during the survey of the territory of Manasseh, Israeli archaeologist Adam Zertal discovered a site on Mt. Ebal dating to the period of Iron I, during which the Israelites began to sedentarize in the central hill country of Canaan. The site was excavated over eight seasons, from 1982 to 1989, under the auspices of the University of Haifa and the Israel Exploration Society. In 1985, Zertal published an article in which he suggested that the structure on Ebal may have been the altar of Josh 8:30-35.In The Iron Age I Structure on Mt. Ebal, Ralph Hawkins reviews the excavation on Mt. Ebal and its results, including the scarabs, seals, and animal bones found there. He examines the architecture of the site in relation to Mesopotamian watchtowers, altars, and the descriptions of altars in mishnaic materials, Ezekiel, and Deuteronomic passages.This fascinating book examines the Mt. Ebal site using a comparative method for both the physical data and the textual data. The site and its artifacts are analyzed and then compared with alternative proposals and literary traditions. The site is placed in its broader regional context in order to determine how it might relate to the larger settlement picture of Iron Age I. The primary purpose is to examine the data with a view to determining the nature and function of the site and its possible relation to Josh 8:30-35. A compelling read for biblical and archaeological students and scholars, who will better be able to envision sites of past events. 410 0$aBulletin for biblical research supplements ;$v6. 606 $aWest Bank$xAntiquities 606 $aIron age$zIsrael 606 $aExcavations (Archaeology)$zWest Bank$xEbal, Mount 606 $aEbal, Mount (West Bank)$xAntiquities 607 $aEbal, Mount (West Bank)$xAntiquities 607 $aWest Bank$xAntiquities 615 0$aWest Bank$xAntiquities. 615 0$aIron age 615 0$aExcavations (Archaeology)$xEbal, Mount. 615 0$aEbal, Mount (West Bank)$xAntiquities. 676 $a933/.53 700 $aHawkins$b Ralph K$01567337 801 0$bMdBmJHUP 801 1$bMdBmJHUP 906 $aBOOK 912 $a9910779013803321 996 $aThe Iron Age I Structure on Mt. Ebal$93838706 997 $aUNINA